SCHAUM S EASY OUTLINES WRITING AND GRAMM (Record no. 2252)
[ view plain ]
| 000 -LEADER | |
|---|---|
| fixed length control field | 00338nam a2200133Ia 4500 |
| 008 - FIXED-LENGTH DATA ELEMENTS--GENERAL INFORMATION | |
| fixed length control field | 240624s9999 xx 000 0 und d |
| 041 ## - LANGUAGE CODE | |
| Language code of text/sound track or separate title | eng |
| 082 ## - DEWEY DECIMAL CLASSIFICATION NUMBER | |
| Classification number | 425 SPR |
| 100 ## - MAIN ENTRY--PERSONAL NAME | |
| Personal name | SPRUIELL WILLIAM C |
| 245 ## - TITLE STATEMENT | |
| Title | SCHAUM S EASY OUTLINES WRITING AND GRAMM |
| 260 ## - PUBLICATION, DISTRIBUTION, ETC. | |
| Date of publication, distribution, etc. | 2001 |
| Place of publication, distribution, etc. | New York |
| Name of publisher, distributor, etc. | McGrawhill |
| 300 ## - PHYSICAL DESCRIPTION | |
| Extent | v, : 122 : cm. ; 21 |
| 365 ## - TRADE PRICE | |
| Currency code | |
| Withdrawn status | Lost status | Damaged status | Not for loan | Home library | Current library | Shelving location | Date acquired | Source of acquisition | Cost, normal purchase price | Total Checkouts | Full call number | Barcode | Date due | Date last seen | Date last checked out | Copy number | Price effective from | Koha item type |
|---|---|---|---|---|---|---|---|---|---|---|---|---|---|---|---|---|---|---|
| IMTN | IMTN | Rack 15-B | 03/27/2005 | AP | 8.95 | 5 | 425 SPR | 2252 | 01/22/2026 | 01/12/2026 | 01/12/2026 | 1 | 06/24/2024 | Books |